Diccionario razonado de legislación y jurisprudencia

Saved in:
Bibliographic Details
Main Author: Escriche y Martín, Joaquín (Author)
Format: Book
Language:Spanish
Published: Bogotá Temis 1998
Edition:2a. ed
Subjects:
Tags: Add Tag
No Tags, Be the first to tag this record!

MARC

LEADER 00000cam a2200000 a 4500
001 UCF1632
003 CL-VaPUC
008 120711e19980000CK |||||||||||||||||spa|d
020 |a 9583500577o.c 
020 |a 9583500585t.1 
020 |a 9583500595t.2 
020 |a 9583500607t.3 
082 0 4 |a 340.03  |b ESC  |2 21 
100 |a Escriche y Martín, Joaquín  |e author  |9 295732 
245 1 0 |a Diccionario razonado de legislación y jurisprudencia 
250 |a 2a. ed 
300 |a t 
942 |c BK 
945 |d 20120711 00:00:00  |a dcastane 
260 |a Bogotá  |b Temis  |c 1998 
500 |a t.1: A-D 
500 |a t.2: E-J 
500 |a t.3: K-V 
650 7 |a DERECHO  |2 CL-VaPUC  |9 563107 
650 0 |a Diccionarios  |9 256200 
650 7 |a LEGISLACION  |2 CL-VaPUC  |9 563108 
650 0 |a Jurisprudencia  |9 255952 
583 |a last modification  |c 20120711 16:46:00  |k Rodrigo Vera 
999 |c 348321  |d 348319 
952 |0 0  |1 0  |4 0  |6 340_030000000000000_ESC_1998  |7 0  |8 F  |9 450292  |a BIBDER  |b BIBDER  |d 2019-11-22  |h t.1  |i 4881435  |l 1  |o 340.03 ESC 1998  |p 4881435  |r 2023-05-08  |s 2023-05-08  |w 2019-11-22  |y BK_F  |k DER 
952 |0 0  |1 0  |4 0  |6 340_030000000000000_ESC_1998  |7 0  |8 F  |9 450293  |a BIBDER  |b BIBDER  |d 2019-11-22  |h t.2  |i 4881443  |o 340.03 ESC 1998  |p 4881443  |r 2023-01-25  |w 2019-11-22  |y BK_F  |k DER 
952 |0 0  |1 0  |4 0  |6 340_030000000000000_ESC_1998  |7 0  |8 F  |9 450294  |a BIBDER  |b BIBDER  |d 2019-11-22  |h t.3  |i 4881451  |o 340.03 ESC 1998  |p 4881451  |r 2023-01-25  |w 2019-11-22  |y BK_F  |k DER